Регионална библиотека "Любен Каравелов" - Русе

Роналдо - момчето, което знаеше какво иска (Запис номер 190600)

MARC детайли
000 -Лидер
Контролно поле с фиксирана дължина 01973nam a2200409 c 4500
003 - Код на организацията, давaща контролен номер
Контролно поле BLK
005 - Дата и час на последна редакция
Контролно поле 20180422115727.0
008 - Елементи от данни с фиксирана дължина
fixed length control field 180411b bul|||||r ||||||| ||bul||
010 ## - Наследен системен номер
LC control number KNG00199750000
020 ## - Международен стандартен номер на книга ISBN
Международен стандартен номер на книга ISBN 978-954-27-1731-7
-- издат.: Егмонт България
040 ## - Източник на каталожния запис
Идентификатор на билиотеката - собственик на записа BLK
041 ## - Код за език
Код за езика на текст/звукозапис или на отделно заглавие Български
Код за езика КДБФ Български
072 #7 - Код за тематичната категория
Код организация bullib
Код за тематична категория Н86
Текст Детска отраслова литература Н
080 ## - УДК
Текстов определител УДК Футбол
УДК код - определител по УДК 796.332
УДК определител :087.5(469)(092)
УДК - код + определител 796.332:087.5(469)(092)
080 ## - УДК
Текстов определител УДК Кристиано Роналдо дош Сантош Авейро (Крищиану Руналду душ Сантуш Авейру). Португалски футболист
УДК код - определител по УДК 929 Кристиано Роналдо
УДК определител
УДК - код + определител 929 Кристиано Роналдо
100 1# - Редна дума - Автор
Автор Жултовска-Дарска, Ивете
Авторска отговорност първи автор
R(LIN) 340550
139 ## - Редно поле
Редна дума Жултовска-Дарска, Ивете
Авторски знак Кре - К 90
245 10 - Сведения за заглавието
Заглавие Роналдо - момчето, което знаеше какво иска
Редно поле (дума) Ивете Жултовска-Дарска; прев. Ирина Денева; * Ирина Денева-Слав.
257 ## - Страна на издаване
Страна на създаване/издаване Полша
260 ## - Област на издателските данни
-- София
Име на издателя, разпространителя и проч. Егмонт България
Година на издаване 2016
Печатница София : Ропринт
300 ## - Физическа характеристика
Страници 208 с.
Илюстрации и др. с цв. ил., портр.
Размери/Мащаб 25 см
380 ## - Жанр
Жанр Детска отраслова лит.
500 ## - Общи забележки
Забележка Ориг. загл.: Ronaldo - chlopiec, ktory wiedzial, czego chce / Yvette Zoltowska-Darska. - 3 000 тир.
600 14 - Име на лице, използвано като предмет
За него / За нея Кристиано Роналдо
9 (RLIN) 224443
650 #4 - Допълнително описание по предмет – тема
Основно описание – тема или топоним Футболисти, португалски
9 (RLIN) 339409
651 #4 - Допълнително описание по предмет - топоним
Географско понятие Португалия
9 (RLIN) 270360
653 ## - Ключова дума – ненормативна
Ключова дума футболисти
653 ## - Ключова дума – ненормативна
Ключова дума биографии
659 ## - Тематичен бюлетин
Тематичен бюлетин Н
700 1# - Други автори (авторска отговорност)
Лично име Денева, Ирина
Автороска отговорност (Описва отношението между автора и произведението) прев.
9 (RLIN) 384809
700 1# - Други автори (авторска отговорност)
Лично име Денева-Слав, Ирина
Автороска отговорност (Описва отношението между автора и произведението) *
9 (RLIN) 383642
852 ## - Местоположение
Форматна сигнатура Цб 284195
856 4# - Електронен адрес и достъп
Електронен формат pdf - файл
Път до файла /url/
856 4# - Електронен адрес и достъп
Електронен формат pdf - файл
Път до файла /url/
942 ## - АРТИКУЛИ
Вид на библиотечния материал Книги
Скрит в OPAC Не
944 ## - СЪЗДАВАНЕ И РЕДАКЦИЯ на ЗАПИСА
Създаване/Редакция Създаване
Дата на регистрацията/редакция 03.02.2017
Служител, извършил регистрацията/редакцията Виолета_Тройчева
944 ## - СЪЗДАВАНЕ И РЕДАКЦИЯ на ЗАПИСА
Създаване/Редакция Редакция
Дата на регистрацията/редакция 21.04.2017
Служител, извършил регистрацията/редакцията Виолета_Тройчева
999 ## - СИСТЕМНИ КОНТРОЛНИ НОМЕРА
Koha biblionumber 190600
Koha biblioitemnumber 190600
Наличности
Код за отписване Код за изгубен артикул Код за повреда Коз за рестрикции Код за отдаване Артикулен № Име на библиотеката - собственик Име на библиотеката, в която се намира в момента Статус (Текущо местоположение) Дата на вписване в системата Местоположение - отдел Цена в лева Инвентарен номер Систематично азбучна сигнатура Баркод Номер на екземпляра Цена в евро Служебна бележка Служебен тип на артикула
  Не е изгубен Не е повреден без рестрикции ползва се в читалня 335227 Регионална библиотека "Любен Каравелов" Русе Регионална библиотека "Любен Каравелов" Русе Хранилище 2017-02-08 Хранилище 14.90 120000808183 Цб 284195 120000808183 1 7.62 Дост: Dp Вид: Д N: 1 Дата: 03.01.2017 Книги
Vip Innovations Ltd, Rousse, Bulgaria 2025